000 00738nam a22001217a 4500
040 _crua
100 _aOR SANITH អោ សានិត
245 _aSTUDY ON LAND DISPUTE RESOLUTION OUTSIDE JUDICIAL SYSTEM IN AMPOV PREY COMMUNE, KANDAL STEUNG DISTRICT, KANDAL PROVINE សិក្សាពីការដោះស្រាយវិវាទដីធ្លីក្រៅប្រព័ន្ទតុលាការ ស្ថិតនៅឃុំអំពៅព្រៃ ស្រុកកណ្តាលស្ទឹង ខេត្តកណ្តាល
260 _aPHNOM PENH
_bRUA
_c2023
300 _aVIII.41P
_bVI.
_c29CM
856 _uhttps://drive.google.com/file/d/1m1ubNR7cnnCVdMdOc9qr-VQ4n-0ntI6f/view?usp=sharing
942 _cLMA
999 _c23192
_d23192